000 00565nam a22001577a 4500
999 _c534501
_d534501
020 _qHard Cover.
082 _a620.5
100 _aRiaz, Asim
245 _aStilbene-4, 4′-Dicarboxylic Acid and Aniline Modified Graphene Oxide for Inverted Organic Photovoltaic Solar Cells Applications /
_cAsim Riaz.
260 _aIslamabad:
_bSCME - NUST,
_c2015
300 _a60 p. :
_bill. ;
_c30cm.
942 _2ddc
_cTHE
650 _aNano Science Engineering MS-Thesis.
_916381
700 _aDr. Zakir Hussain
_916137